00433nam a22001452 4500001001100000005001700011008004100028020000800069040001500077100003000092245007600122260002700198300001500225650004700240000000757520151217161138.0080219s xx 000 0 eng d cKES aKABUcKABU1 aRobins, Kate.@000015885410aSubject guide to information sources in Kenya /cKate Robins, Compiler. aNairobi :bKLA,c1984. av, 207 p. 0aLibrariesxDirectorieszKenya.@0000158855